| 000 | 00674nam a22002177a 4500 | ||
|---|---|---|---|
| 005 | 20140108122542.0 | ||
| 010 | _aENG-108961 | ||
| 020 |
_a9788183165136 _c175.00 |
||
| 035 | _aEN-92494 | ||
| 037 | _bDBAD/PUB | ||
| 082 | _a372.3 | ||
| 100 | _aAmeeta, P. | ||
| 245 |
_aMethods of teaching biological science / _cby P. Ameeta, J. Kamakshi [and] Kadem Srinivas |
||
| 260 |
_aHyderabad _bNeelkamal Publications _c2014 |
||
| 270 |
_aSultan Bazar _bHyderabad _e500095 |
||
| 300 |
_axv,236p. _c24cm(pbk) |
||
| 500 | _aIncludes bibliographical references and index | ||
| 700 | _a Srinivas, Kadem | ||
| 700 | _aKamakshi, J. | ||
| 942 |
_2ddc _cEN _mAME _h372.3 |
||
| 999 |
_c81602 _d81602 |
||